Agnès's final afternoon : an essay on the work of Milan Kundera /

Hlavní autor: Ricard, François, 1947-2022
Další autoři: Asher, Aaron, 1929-2008
Jazyk: Angličtina
Vydáno: New York, NY : Harper Collins Publishers, [2003]
Vydání: First edition
Témata:
Fyzický popis: vi, 210 stran ; 22 cm
Knihy
Uloženo v:
LEADER 02255nam a2200565 i 4500
001 001851246
003 CZ BrMZK
005 20230315132143.0
007 ta
008 230307t20032003xxu e 000 e eng
020 |a 0-06-000564-5  |q (vázáno) 
040 |a BOA001  |b cze  |e rda 
041 1 |a eng  |h fre 
045 |a x-y- 
072 7 |x Česká literatura (o ní)  |a 821.162.3.09  |2 Konspekt  |9 11 
080 |a 821.162.3-3  |2 MRF 
080 |a 821.133.1-3  |2 MRF 
080 |a 82.09  |2 MRF 
080 |a 82.07  |2 MRF 
080 |a (0:82-4)  |2 MRF 
100 1 |a Ricard, François,  |d 1947-2022  |7 skuk0004789  |4 aut 
240 1 0 |a Dernier après-midi d'Agnès.  |l Anglicky 
245 1 0 |a Agnès's final afternoon :  |b an essay on the work of Milan Kundera /  |c François Ricard ; translated from the French by Aaron Asher 
250 |a First edition 
264 1 |a New York, NY :  |b Harper Collins Publishers,  |c [2003] 
264 4 |c ©2003 
300 |a vi, 210 stran ;  |c 22 cm 
336 |a text  |b txt  |2 rdacontent 
337 |a bez média  |b n  |2 rdamedia 
338 |a svazek  |b nc  |2 rdacarrier 
504 |a Obsahuje bibliografii a bibliografické odkazy 
600 1 7 |a Kundera, Milan,  |d 1929-  |7 jk01070894 
648 7 |a 20. století  |7 ch460558 
648 7 |a 20.-21. století  |7 ch462155 
650 0 7 |a česká próza  |7 ph116861  |y 20. století  |2 czenas 
650 0 7 |a francouzská próza  |7 ph114589  |y 20.-21. století  |2 czenas 
650 0 7 |a literárněvědné rozbory  |7 ph138745  |2 czenas 
650 0 7 |a interpretace a přijetí literárního díla  |7 ph137145  |2 czenas 
650 0 9 |a Czech prose literature  |y 20th century  |2 eczenas 
650 0 9 |a French prose literature  |y 20th-21st centuries  |2 eczenas 
650 0 9 |a literary criticism and history  |2 eczenas 
650 0 9 |a interpretation and reception of literature  |2 eczenas 
655 7 |a eseje  |7 fd132213  |2 czenas 
655 9 |a essays  |2 eczenas 
700 1 |a Asher, Aaron,  |d 1929-2008  |7 xx0096978  |4 trl 
910 |a BOA001  |b KMK-0000.537 
990 |a BK 
991 |b 202303 
996 6 |b 261K000769  |c KMK-0000.537  |l MZK  |r K. M. Kundery - 1. patro  |n 0  |p dar  |h G/02-02.I,002  |w 001917955  |u 000010  |a 0  |e BOA001  |j MZK50  |s P 
996 6 |b 261K000770  |c KMK-0000.537  |l MZK  |r K. M. Kundery - 1. patro  |n 0  |p dar  |h G/02-02.I,003  |w 001917955  |u 000020  |a 0  |e BOA001  |j MZK50  |s P